=LDR 00000nam 2200000 4500 =001 INLIS000000000008809 =005 20130612100632 =008 ***********************************Ind** =035 ##$$0010-061300000008809 =041 ##$$a Ind =082 ##$$a 371.9 =090 ##$$a 379.1, Akb k =100 ##$$a Akbar-Hawadi, Reni =245 ##$$a Keberbakatan Intelektual, Panduan Bagi Penyelenggara Program Percepat Belajar, Oleh Reni Akbar-Hawadi =260 ##$$a 2001 $b Jakarta =300 ##$$a xii, 30 hlm, 21 cm =650 ##$$a Anak Berbakat